Retorika masining na pagpapahayag / (Record no. 2171)

MARC details
000 -LEADER
fixed length control field 00570nam a22001937a 4500
003 - CONTROL NUMBER IDENTIFIER
control field URS
005 - DATE AND TIME OF LATEST TRANSACTION
control field 20241014171115.0
008 - FIXED-LENGTH DATA ELEMENTS--GENERAL INFORMATION
fixed length control field 200117s2007 ph |||| |||| 00| 0 eng d
020 ## - INTERNATIONAL STANDARD BOOK NUMBER
International Standard Book Number 971-08-6843-8
040 ## - CATALOGING SOURCE
Transcribing agency URS
Language of cataloging Tagalog
Modifying agency rda
050 14 - LIBRARY OF CONGRESS CALL NUMBER
Classification number PL6054
Item number .A778 2007
100 ## - MAIN ENTRY--PERSONAL NAME
Personal name Arrogante, Jose A.,
Relator term author.
245 10 - TITLE STATEMENT
Title Retorika masining na pagpapahayag /
Statement of responsibility, etc Jose A. Arrogante.
264 ## - PUBLICATION, DISTRIBUTION, ETC. (IMPRINT)
Place of publication, distribution, etc MandaluyongCity:
Name of publisher, distributor, etc National Bookstore,
Date of publication, distribution, etc ©2007.
300 ## - PHYSICAL DESCRIPTION
Extent xxi 468 pages:
Dimensions 22 cm.
504 ## - BIBLIOGRAPHY, ETC. NOTE
Bibliography, etc Includes bibliographical references.
650 ## - SUBJECT ADDED ENTRY--TOPICAL TERM
Topical term or geographic name as entry element Retorika
942 ## - ADDED ENTRY ELEMENTS (KOHA)
Source of classification or shelving scheme Library of Congress Classification
Koha item type Filipiniana
Holdings
Withdrawn status Lost status Source of classification or shelving scheme Damaged status Not for loan Collection code Home library Current library Shelving location Date acquired Total Checkouts Full call number Barcode Date last seen Price effective from Koha item type Source of acquisition Cost, normal purchase price Copy number
    Library of Congress Classification     Non-fiction Cainta College Library Cainta College Library On Display 09/26/2017   PL 6054.A778 2007 URSCAI-3076 09/26/2017 09/26/2017 Filipiniana      
    Library of Congress Classification     Non-fiction Taytay College Library Taytay College Library Filipiniana Section 10/12/2011   PL6059 .Ar69 2007 URSTAY-2820 06/02/2025   Filipiniana Purchased 585.00 1
    Library of Congress Classification     Non-fiction Taytay College Library Taytay College Library Filipiniana Section 10/11/2011   PL6059 .Ar69 2007 URSTAY-2821 06/02/2025   Filipiniana Purchased 585.00 2
    Library of Congress Classification     Non-fiction Taytay College Library Taytay College Library Filipiniana Section 10/11/2011   PL6059 .Ar69 2007 URSTAY-2822 06/02/2025   Filipiniana Purchased 585.00 3
    Library of Congress Classification     Non-fiction Taytay College Library Taytay College Library Filipiniana Section 10/11/2011   PL6059 .Ar69 2007 URSTAY-2823 06/02/2025   Filipiniana Purchased 585.00 4
    Library of Congress Classification     Non-fiction Taytay College Library Taytay College Library Filipiniana Section 10/11/2011   PL6059 .Ar69 2007 URSTAY-2824 06/02/2025   Filipiniana Purchased 585.00 5
    Library of Congress Classification     Non-fiction Taytay College Library Taytay College Library Filipiniana Section 10/15/2013   PL6059 .Ar69 2007 URSTAY-3148 06/02/2025   Filipiniana Purchased 585.00 6
    Library of Congress Classification     Non-fiction Taytay College Library Taytay College Library Filipiniana Section 10/15/2013   PL6059 .Ar69 2007 URSTAY-3149 06/02/2025   Filipiniana Purchased 585.00 7

University of Rizal System
Email us at univlibservices@urs.edu.ph

Visit our Website www.urs.edu.ph/library